[Event "Klaipeda Sea op-A 20th"]
[Site "Klaipeda"]
[Date "2023.07.27"]
[Round "2"]
[White "Levitsky, Andrey"]
[Black "Zirnovas, Martynas"]
[Result "1-0"]
[WhiteElo "2295"]
[BlackElo "1712"]
[PlyCount "55"]
[EventDate "2023.07.26"]
[EventType "swiss"]
[EventRounds "6"]
[EventCountry "LTU"]
[SourceTitle "CBM 215 Extra"]
[Source "ChessBase"]
[SourceDate "2023.09.30"]
[SourceVersion "1"]
[SourceVersionDate "2023.09.30"]
[SourceQuality "1"]

1. e4 c5 2. b4 cxb4 3. a3 d5 4. exd5 Nf6 5. axb4 Nxd5 6. b5 e5 7. Bb2 Bd6 8. Nc3 Nxc3 9. Bxc3 0-0 10. Bc4 Nd7 11. Ne2 Qc7 12. Ba2 b6 13. Ng3 Nc5 14. 0-0 Kh8 15. Re1 Na4 16. Bd5 Nxc3 17. dxc3 Rb8 18. Ra4 Rd8 19. Qa1 Qc5 20. c4 f5 21. Rxa7 Bd7 22. Rd1 e4 23. Nxf5 Bf8 24. Ne3 Be7 25. Qe5 Bf6 26. Qg3 Be8 27. Ng4 Bc3 28. Qxc3 1-0

[Event "Klaipeda Sea op-A 19th"]
[Site "Klaipeda"]
[Date "2022.07.26"]
[Round "2"]
[White "Zirnovas, Martynas"]
[Black "Levitsky, Andrey"]
[Result "0-1"]
[WhiteElo "1762"]
[BlackElo "2320"]
[PlyCount "45"]
[EventDate "2022.07.25"]
[EventType "swiss"]
[EventRounds "7"]
[EventCountry "LTU"]
[SourceTitle "CBM 209 Extra"]
[Source "ChessBase"]
[SourceDate "2022.09.30"]
[SourceVersion "1"]
[SourceVersionDate "2022.09.30"]
[SourceQuality "1"]

1. f4 g6 2. Nf3 Bg7 3. c4 c5 4. e3 Nh6 5. Be2 0-0 6. 0-0 Nc6 7. Nc3 e6 8. Ne4 d6 9. Rb1 b6 10. d3 d5 11. Ng3 Qe7 12. a3 dxc4 13. dxc4 Bb7 14. Bd2 Rad8 15. Qc1 e5 16. fxe5 Nxe5 17. Nxe5 Qxe5 18. e4 Bxe4 19. Nxe4 Rxd2 20. Qxd2 Qxe4 21. Rf4 Qxb1+ 22. Rf1 Qxb2 23. Qe3 0-1

[Event "Klaipeda-ch sf"]
[Site "Klaipeda"]
[Date "2022.05.17"]
[Round "5"]
[White "Zirnovas, Martynas"]
[Black "Scekaciov, Rostislav"]
[Result "1-0"]
[WhiteElo "1771"]
[BlackElo "1826"]
[PlyCount "53"]
[EventDate "2022.05.03"]
[EventType "swiss"]
[EventRounds "8"]
[EventCountry "LTU"]
[SourceTitle "EXT 2023"]
[Source "ChessBase"]
[SourceDate "2022.10.05"]
[SourceVersion "1"]
[SourceVersionDate "2022.10.05"]
[SourceQuality "1"]

1. e4 c6 2. d3 d5 3. Nd2 Nd7 4. Ngf3 e5 5. d4 exd4 6. Bd3 c5 7. exd5 Ngf6 8. 0-0 Nxd5 9. Re1+ Be7 10. Ng5 N7f6 11. Nde4 0-0 12. c4 Nb4 13. Nxf6+ Bxf6 14. Bxh7+ Kh8 15. Qh5 Bxg5 16. Bxg5 Qxg5 17. Qxg5 Kxh7 18. Re4 Kg8 19. Qxc5 Nc2 20. Rd1 Be6 21. Rd2 Rac8 22. Qh5 Rxc4 23. Rh4 f6 24. Rxc2 Rxc2 25. Qh7+ Kf7 26. Qxc2 Rc8 27. Qd1 1-0

[Event "LTU-chT"]
[Site "Lithuania"]
[Date "2022.03.20"]
[Round "7.4"]
[White "Bazilius, Augustinas"]
[Black "Zirnovas, Martynas"]
[Result "1/2-1/2"]
[WhiteElo "2048"]
[BlackElo "1799"]
[PlyCount "63"]
[EventDate "2022.03.11"]
[EventType "team-swiss"]
[EventRounds "7"]
[EventCountry "LTU"]
[SourceTitle "CBM 207 Extra"]
[Source "ChessBase"]
[SourceDate "2022.05.31"]
[SourceVersion "1"]
[SourceVersionDate "2022.05.31"]
[SourceQuality "1"]
[WhiteTeam "Vilnius Juoda Balta"]
[BlackTeam "Klaipeda Klaipedos"]
[WhiteTeamCountry "LTU"]
[BlackTeamCountry "LTU"]

1. d4 Nf6 2. c4 g6 3. Nf3 Bg7 4. g3 0-0 5. Bg2 d6 6. 0-0 Nc6 7. Nc3 a6 8. d5 Na5 9. b3 c5 10. dxc6 Nxc6 11. Bb2 Bf5 12. Qc1 Ne4 13. Nd5 Bxb2 14. Qxb2 Nc5 15. Rfd1 Rb8 16. Rac1 Re8 17. b4 Na4 18. Qd2 Kg7 19. b5 Ne5 20. Nxe5 dxe5 21. Qb4 Nb6 22. Nf6 exf6 23. Rxd8 Rexd8 24. c5 Rd4 25. Qa5 Nc4 26. Qc7 Rbd8 27. h4 R4d7 28. Qxd8 Rxd8 29. Rxc4 axb5 30. Rb4 Rd1+ 31. Kh2 Bd7 32. Bxb7 1/2-1/2

[Event "Klaipeda-ch"]
[Site "Klaipeda"]
[Date "2022.01.30"]
[Round "6"]
[White "Zirnovas, Martynas"]
[Black "Pidluznij, Gleb"]
[Result "1/2-1/2"]
[WhiteElo "1812"]
[BlackElo "2046"]
[PlyCount "81"]
[EventDate "2022.01.15"]
[EventType "tourn"]
[EventRounds "11"]
[EventCountry "LTU"]
[SourceTitle "EXT 2023"]
[Source "ChessBase"]
[SourceDate "2022.10.05"]
[SourceVersion "1"]
[SourceVersionDate "2022.10.05"]
[SourceQuality "1"]

1. e4 c5 2. Nf3 d6 3. d4 cxd4 4. Nxd4 Nf6 5. Nc3 a6 6. Bc4 e6 7. Bb3 Nbd7 8. 0-0 Nc5 9. Qf3 Be7 10. Re1 0-0 11. Qg3 Qc7 12. Bh6 Ne8 13. Rad1 Kh8 14. Be3 b5 15. f3 Bb7 16. Qf2 Rc8 17. a3 Nf6 18. g3 Nxb3 19. Nxb3 Nd7 20. Re2 Ne5 21. Bb6 Qb8 22. Na5 f5 23. Ba7 Nxf3+ 24. Kg2 Qa8 25. Qxf3 Qxa7 26. Nxb7 Qxb7 27. exf5 Qxf3+ 28. Kxf3 Rxf5+ 29. Kg2 h6 30. Rxe6 Bf6 31. Rd3 a5 32. Rexd6 b4 33. axb4 axb4 34. Ne4 Rxc2+ 35. Rd2 Rxb2 36. Nxf6 Rxd2+ 37. Rxd2 Rxf6 38. Rd8+ Kh7 39. Rb8 g5 40. Rxb4 h5 41. h3 1/2-1/2

[Event "Klaipeda Rooks Cup"]
[Site "Klaipeda"]
[Date "2020.09.27"]
[Round "5"]
[White "Zirnovas, Martynas"]
[Black "Barsciauskas, Gintautas"]
[Result "0-1"]
[WhiteElo "1808"]
[BlackElo "1586"]
[PlyCount "98"]
[EventDate "2020.09.20"]
[EventType "swiss"]
[EventRounds "9"]
[EventCountry "LTU"]
[SourceTitle "CBM 198 Extra"]
[Source "ChessBase"]
[SourceDate "2020.11.30"]
[SourceVersion "1"]
[SourceVersionDate "2020.11.30"]
[SourceQuality "1"]

1. e4 e5 2. Nf3 Nc6 3. Bb5 a6 4. Ba4 Nf6 5. 0-0 Be7 6. Re1 b5 7. Bb3 d6 8. c3 Bg4 9. d3 0-0 10. Nbd2 Na5 11. Bc2 c5 12. Nf1 Bh5 13. Ng3 Bg6 14. Nh4 Re8 15. Nxg6 hxg6 16. f4 Nc6 17. f5 gxf5 18. Nxf5 Bf8 19. Qf3 Ne7 20. Nh6+ gxh6 21. Qxf6 Ng6 22. Qf3 Bg7 23. Bb3 Ra7 24. Rf1 Rf8 25. Qh5 Kh7 26. Rf3 Qc8 27. Be3 Re7 28. Bxh6 c4 29. Bg5+ Kg8 30. Bxe7 Nxe7 31. Rh3 f5 32. Bd1 Rf6 33. Qh7+ Kf8 34. exf5 Nxf5 35. Bg4 Qc5+ 36. d4 exd4 37. Bxf5 dxc3+ 38. Kh1 cxb2 39. Rf1 b1Q 40. Rxb1 Qxf5 41. Qxf5 Rxf5 42. a4 c3 43. Rf3 Rxf3 44. gxf3 d5 45. axb5 axb5 46. Rxb5 d4 47. Kg2 d3 48. Kf1 c2 49. Rc5 d2 0-1

[Event "Klaipeda Sea op-A 17th"]
[Site "Klaipeda"]
[Date "2020.07.24"]
[Round "5"]
[White "Zirnovas, Martynas"]
[Black "Savicevs, Arsenijs"]
[Result "0-1"]
[WhiteElo "1801"]
[BlackElo "1623"]
[PlyCount "72"]
[EventDate "2020.07.20"]
[EventType "swiss"]
[EventRounds "7"]
[EventCountry "LTU"]
[SourceTitle "CBM 197 Extra"]
[Source "ChessBase"]
[SourceDate "2020.09.30"]
[SourceVersion "1"]
[SourceVersionDate "2020.09.30"]
[SourceQuality "1"]

1. e4 c5 2. Nf3 d6 3. d4 cxd4 4. Nxd4 Nf6 5. Nc3 a6 6. Bc4 e6 7. Bg5 Be7 8. 0-0 0-0 9. Qf3 Nbd7 10. Qe3 Ne5 11. Bb3 b5 12. Kh1 b4 13. Nce2 Bb7 14. f3 Ng6 15. Bxe6 fxe6 16. Nxe6 Qd7 17. Nxf8 Rxf8 18. Rad1 Qc7 19. Nd4 Rb8 20. Qb3+ Kh8 21. Nf5 d5 22. Nxe7 Qxe7 23. exd5 Qd6 24. Bxf6 gxf6 25. Rfe1 Nf4 26. Qa4 Bxd5 27. c4 bxc3 28. bxc3 Qc7 29. Qxa6 Qg7 30. Rd2 Nxg2 31. Qd6 Rg8 32. Rg1 Bxf3 33. Qg3 Nf4+ 34. Rgg2 Bxg2+ 35. Rxg2 Nxg2 36. Kxg2 Qb7+ 0-1

[Event "Klaipeda Sea rapid op 16th"]
[Site "Klaipeda"]
[Date "2019.07.27"]
[Round "3"]
[White "Zirnovas, Martynas"]
[Black "Barsciauskas, Gintautas"]
[Result "1-0"]
[WhiteElo "1777"]
[BlackElo "1598"]
[PlyCount "73"]
[EventDate "2019.07.27"]
[EventType "swiss (rapid)"]
[EventRounds "7"]
[EventCountry "LTU"]
[SourceTitle "CBM 191 Extra"]
[Source "ChessBase"]
[SourceDate "2019.09.30"]
[SourceVersion "1"]
[SourceVersionDate "2019.09.30"]
[SourceQuality "1"]

1. e4 c5 2. Nf3 d6 3. d4 cxd4 4. Nxd4 Nf6 5. Nc3 Nc6 6. Be2 e5 7. Nxc6 bxc6 8. 0-0 Be7 9. f4 0-0 10. Be3 Qa5 11. Qd2 Ng4 12. Nd5 Bh4 13. Qxa5 cxd5 14. Bxg4 Bxg4 15. fxe5 dxe4 16. exd6 Bd7 17. c4 Bd8 18. Qd5 Bf6 19. Rxf6 gxf6 20. Bd4 Rae8 21. Bxf6 h6 22. Re1 e3 23. Bd4 e2 24. Qf3 Kh7 25. Rxe2 Rxe2 26. Qxe2 Re8 27. Qd3+ f5 28. c5 Re4 29. Bc3 Kg6 30. Qg3+ Rg4 31. Qe5 Kh5 32. h3 Re4 33. g4+ Kh4 34. Qf6+ Kxh3 35. Qxh6+ Kxg4 36. Qg7+ Kf4 37. Qxd7 1-0